Szemlélődés
Elmentve itt :
| Szerző: | |
|---|---|
| Dokumentumtípus: | Cikk |
| Megjelent: |
1937
|
| Sorozat: | Polgári jog : a hazai és külföldi magánjog és hiteljog szemléje
13 |
| Kulcsszavak: | Jogélet - Magyarország - 1937 |
| Online Access: | http://misc.bibl.u-szeged.hu/6270 |
| LEADER | 00602nab a2200169 i 4500 | ||
|---|---|---|---|
| 001 | misc6270 | ||
| 005 | 20191106142118.0 | ||
| 008 | 170607s1937 hu o 0|| hun d | ||
| 040 | |a SZTE Miscellanea Repozitórium |b hun | ||
| 041 | |a hun | ||
| 100 | 1 | |a Glücksthal Andor | |
| 245 | 1 | 0 | |a Szemlélődés |h [elektronikus dokumentum] / |c Glücksthal Andor |
| 260 | |c 1937 | ||
| 300 | |a 52-53a | ||
| 490 | 0 | |a Polgári jog : a hazai és külföldi magánjog és hiteljog szemléje |v 13 | |
| 695 | |a Jogélet - Magyarország - 1937 | ||
| 856 | 4 | 0 | |u http://misc.bibl.u-szeged.hu/6270/1/polgari_jog_1937_052-053a.pdf |z Dokumentum-elérés |